00504 a2200169 450000100060000008200150000609000170002110000150003824500610005325000060011426000350012030000200015550000190017594200250019499900190021995200960023892033 a153.69 BOR c43990d43989 aJames Borg aBody Language: How to know what's Really Being said, 2e a2 aIndiabPearson Publisherc2011 axxvii,247p.bPb aReference book aCAE NUSTk153.69 BOR c327106d327106 001040708NFICaCAEbCAEd2017-04-03l0o153.69 BORpCAE88433r2017-04-05w2017-04-05yBK